| 000 -LEADER |
| fixed length control field |
02089 a2200241 4500 |
| 003 - CONTROL NUMBER IDENTIFIER |
| control field |
Nust |
| 005 - DATE AND TIME OF LATEST TRANSACTION |
| control field |
20221007114821.0 |
| 010 ## - LIBRARY OF CONGRESS CONTROL NUMBER |
| LC control number |
99019201 |
| 020 ## - INTERNATIONAL STANDARD BOOK NUMBER |
| International Standard Book Number |
0849328845 (alk. paper) |
| 040 ## - CATALOGING SOURCE |
| Transcribing agency |
Nust |
| 082 00 - DEWEY DECIMAL CLASSIFICATION NUMBER |
| Classification number |
629.8,FUZ |
| 100 1# - MAIN ENTRY--PERSONAL NAME |
| Personal name |
Sugeno, Michio, |
| 9 (RLIN) |
99467 |
| 245 10 - TITLE STATEMENT |
| Title |
Fuzzy modeling and control : |
| Remainder of title |
selected works of M. Sugeno / |
| Statement of responsibility, etc. |
edited by Hung T. Nguyen, Nadipuram R. Prasad. |
| 260 ## - PUBLICATION, DISTRIBUTION, ETC. |
| Place of publication, distribution, etc. |
Boca Raton : |
| Name of publisher, distributor, etc. |
CRC Press, |
| Date of publication, distribution, etc. |
c1999. |
| 300 ## - PHYSICAL DESCRIPTION |
| Extent |
xv, 429 p. : |
| Other physical details |
ill. ; |
| Dimensions |
24 cm. |
| 505 ## - FORMATTED CONTENTS NOTE |
| Formatted contents note |
Introduction (Page-1), Development of an Intelligent Unmanned Helicopter (Page-13),Multi-Dimensional Fuzzy Reasoning (Page-45), A New Approach to Design of Fuzzy Controller(Page-59),Fuzzy Control of Model Car(Page-67), Fuzzy Algorithmic Control of a Model Car by Oral Instructions(Page-77), Application of Fuzzy Reasoning to the Water Purification Process(Page-89), A Microprocessor Based Fuzzy Controller For Industrial Applications(Page-105), Fuzzy Modeling and Control of Multilayer Incinerator(Page-113), Fuzzy Identification of Systems and its Application to Modeling and Control(Page-129), Structure Identification of Fuzzy Model(Page-161), Successive Identification of Fuzzy Model and its Application to Prediction of a Complex System(Page-179), A Fuzzy-Logic-Based Approach to Qualitative Modeling (Page-199), Stability Analysis and Design of Fuzzy Control Systems(Page-251), An Interpretation of Fuzzy Measures and the Choquet Integral as an Integral with Respect to a Fuzzy Measure (Page -277), Fuzzy Measure of Fuzzy Events Defined by Fuzzy Integrals (Page-303), Fuzzy Measure Analysis of Public Attitude Towards the Use of Nuclear Energy (Page-329), Pseudo-Additive Measures and Integrals (Page-363), A Model for Human Evaluation Process Using Fuzzy Measure (Page-389), |
| 650 #0 - SUBJECT ADDED ENTRY--TOPICAL TERM |
| Topical term or geographic name entry element |
Telecommunication Engineering |
| 650 #0 - SUBJECT ADDED ENTRY--TOPICAL TERM |
| Topical term or geographic name entry element |
Telecommunication Engineering |
| 9 (RLIN) |
99468 |
| 700 1# - ADDED ENTRY--PERSONAL NAME |
| Personal name |
Nguyen, Hung T., |
| Dates associated with a name |
1944- |
| 9 (RLIN) |
95446 |
| 700 1# - ADDED ENTRY--PERSONAL NAME |
| Personal name |
Prasad, Nadipuram R. |
| 9 (RLIN) |
99469 |
| 856 42 - ELECTRONIC LOCATION AND ACCESS |
| Materials specified |
Publisher description |
| Uniform Resource Identifier |
<a href="http://www.loc.gov/catdir/enhancements/fy0744/99019201-d.html">http://www.loc.gov/catdir/enhancements/fy0744/99019201-d.html</a> |
| 942 ## - ADDED ENTRY ELEMENTS (KOHA) |
| Koha item type |
Reference |
| Source of classification or shelving scheme |
|